| 000 | 00803nas a2200265 4500 | ||
|---|---|---|---|
| 001 | BR0705470 | ||
| 003 | BR-BrBNA | ||
| 005 | 20231205111202.0 | ||
| 007 | ta | ||
| 008 | 230509b bl.|||p| |||| 00| 00por d | ||
| 040 |
_aBR-BrBNA _bpor _cBiblioteca Nacional de Agricultura |
||
| 041 | _a(Pt) | ||
| 072 | _aL70 | ||
| 100 | 1 | _aLucas, S.S. | |
| 100 | 1 | _aAlievi, M.M. | |
| 100 | 1 | _aCony, A.V. | |
| 100 | 1 | _aSchossler, J.E.W. | |
| 245 | 1 |
_aFraturas distais de fêmur em cães e gatos _bRevisão de 55 casos |
|
| 650 | _aCIRURGIA | ||
| 650 | _aFÊMUR | ||
| 650 | _aOSTEOSSÍNTESE | ||
| 773 | 0 |
_tRevista da Faculdade de Zootecnia, Veterinária e Agronomia (Brazil) _xISSN 0104-4257 _g(2000-2001), v. 7-8(1) p. 69-73 _wBR0705470 |
|
| 909 |
_a202311 _bLúcia _c55 _dLúcia Elande |
||
| 942 |
_2AGRIS _n0 _cANA |
||
| 999 |
_c191210 _d191210 |
||